| 000 | 00365 a2200157 4500 | ||
|---|---|---|---|
| 001 | 152262 | ||
| 040 | _cEscola São Tomás de Aquino | ||
| 100 | _aTORERO, José Roberto | ||
| 240 | 1 | 0 |
_aChapeuzinhos coloridos _lpor |
| 245 | 1 | 0 | _aChapeuzinhos coloridos |
| 300 | _a55 | ||
| 362 | 0 | _a2010 | |
| 440 | 1 | _aAlfaguara | |
| 697 | _a*LITERATURA INFANTO | ||
| 942 | _cBK | ||
| 999 |
_c152262 _d152262 |
||